BIBLIOTECA PODER JUDICIAL
Portal Judicial TDF

Sicología judicial / (Registro nro. 1283)

000 -LEADER
fixed length control field 00657nam a2200181 4500
003 - CONTROL NUMBER IDENTIFIER
control field OSt
005 - DATE AND TIME OF LATEST TRANSACTION
control field 20180829093752.0
008 - FIXED-LENGTH DATA ELEMENTS--GENERAL INFORMATION
fixed length control field 180825b xxu||||| |||| 00| 0 spa d
040 ## - CATALOGING SOURCE
Transcribing agency PJ
100 ## - ASIENTO PRINCIPAL - NOMBRE DE PERSONA
9 (RLIN) 1913
Personal name Altavilla, Enrico
245 13 - MENCIÓN DE TÍTULO
Título propiamente dicho Sicología judicial /
Mención de responsabilidad, etc Enrico Altavill, con prólogos de Enrico Ferri y de Gennaro Marciano.
260 ## - PUBLICATION, DISTRIBUTION, ETC. (IMPRINT)
Place of publication, distribution, etc Bogotá :
Name of publisher, distributor, etc Temis,
Date of publication, distribution, etc 1975.
300 ## - DESCRIPCION FISICA
Extent 2 v.
Dimensions 23 cm.
500 ## - NOTA GENERAL
General note Notas y citas a pie de página.
505 ## - FORMATTED CONTENTS NOTE
Formatted contents note Contenido:<br/>v. 1: El proceso sicológico y la verdad judicial.<br/>v. 2: Los actores del procedimiento penal.
650 #0 - ASIENTO SECUNDARIO DE MATERIA - TERMINO TEMATICO
9 (RLIN) 1915
Topical term or geographic name as entry element PSICOLOGIA DEL DERECHO
942 ## - ADDED ENTRY ELEMENTS (KOHA)
Source of classification or shelving scheme
Koha item type Libros
Classification part 347.758
Item part VIL
Existencias
Withdrawn status Lost status Source of classification or shelving scheme Damaged status Not for loan Permanent Location Current Location Date acquired Full call number Barcode Date last seen Price effective from Koha item type
          Biblioteca Poder Judicial Sur Biblioteca Poder Judicial Sur 2018-08-29 340.63 ALT 0218 2018-08-29 2018-08-29 Libros
          Biblioteca Poder Judicial Sur Biblioteca Poder Judicial Sur 2018-08-29 340.63 ALT 0219 2018-08-29 2018-08-29 Libros

12 de Octubre 789 Ushuaia - Tel:  54(02901)441571
Horario de Atención: 8.00 a 17.00 hs. 
bibliotecaush@justierradelfuego.gov.ar
koha@justierradelfuego.gov.ar
Seguinos en nuestras redes @bibliojustdf 

Con tecnología Koha